00350cam a2200145ua 45000010005000000080039000050400009000440820008000531000026000612450035000872500012001222600042001343000010001766530018001865995131030n ii |||gr||||Z||||||eng cMAIN a909 aKhurana,K.L,eAuthor. aWorld Historycby K.L. Khurana a1st ed. aAgra:bLakshmi Narain Agarwal,c1997. a316p. aWorld history